Представление документа в формате RUSMARC

ПолеНазваниеЗначение
  Тип записи a
  Библиографический уровень m
001 Контрольный номер RU/SLIB/B/208703128
005 Дата корректировки 20241022084310.8
010 Индекс ISBN __
d Цена 1-00
101 Язык документа __
a Язык текста rus
c Язык оригинала rus
200 Заглавие и сведения об ответственности 0_
a Заглавие Цвет тундры - голубой
f Первые сведения об ответственности Е. Г. Ананьев
b Общее обозначение материала Текст
210 Выходные данные __
a Место издания Свердловск
c Издательство Сред.-Урал. кн. изд-во
d Дата издания 1973
215 Физическое описание __
a Объем 160 с.
606 Тематические рубрики __
a Основная рубрика Экономика
a Основная рубрика Экономика топливной промышленности
y Географическая подрубрика Россия; Тюменская область
610 Ключевые слова __
a Ключевые слова краеведение; промышленность; топливная промышленность; нефтяники
686 Индексы других классификаций __
2 Код системы rubbks
a Классификационный индекс К65.305.143(2Рос-4Тюм)
700 Автор _1
a Фамилия Ананьев
b Имя Е. Г.
4 Код отношения 070
801 Источник записи _0
a Страна RU
b Организация Муниципальное бюджетное учреждение культуры "Централизованная библиотечная система" г. Сургут (Центральная городская библиотека им. А. С. Пушкина)
g Правила каталогизации ОБ/Бутенко
801 Источник записи _1
a Страна RU
b Организация Муниципальное бюджетное учреждение культуры "Централизованная библиотечная система" г. Сургут (Центральная городская библиотека им. А. С. Пушкина)
g Правила каталогизации ОБ/Бутенко
852 Данные о местонахождении __
j Шифр хранения К65.305.143(2Рос-4Тюм)
c Каталожный индекс К65.304.13(2Рос-4Тюм)
i Авторский знак А 64
p Инвентарный номер 74242
901 Тип документа __
t Тип документа m
903 Характеристики (МАРС) __
a Дата передачи 20000220
990 Данные о заказе (DOS) 00
j Количество экземпляров (DOS) 1
t N записи в КСУ для И/У (DOS) 200001